Middle Eastern studies

Detalles Bibliográficos
Formato: Electrónico Revista
Lenguaje:inglés
Publicado: London : Frank Cass & Co., 1964-
Abingdon, UK : Routledge, Taylor & Francis Group
Materias:
Acceso en línea:Full text available from Research Library: 01/01/1995 to 01/31/2002

MARC

LEADER 00000nas a2200000 i 4500
001 ssj0006070
003 WaSeSS
005 20200512172242.0
006 m d
007 cr n
008 100425c19649999enkbr p s 0 a0eng c
010 |a  2016267021 
015 |a GBA607073  |2 bnb 
016 7 |a 100968805  |2 DNLM 
022 |a 1743-7881  |l 0026-3206  |y 0026-3206 
035 |a (WaSeSS)ssj0006070 
040 |a OCLCE  |b eng  |e pn  |c OCLCE  |d OCLCQ  |d UMC  |d OCLCF  |d OCLCO  |d OCLCQ  |d CUD  |d OCLCO  |d OCLCQ  |d DOS  |d OCLCO  |d VT2  |d OCLCQ  |d ZAC  |d NLE  |d DLC  |d U3W  |d UOK  |d WaSeSS 
042 |a pcc  |a dlr 
043 |a aw----- 
050 0 0 |a DS41 
082 0 4 |a 956/.005 
245 0 0 |a Middle Eastern studies  |h [electronic resource]. 
260 |a London :  |b Frank Cass & Co.,  |c 1964- 
260 |3 January <2005-> :  |a Abingdon, UK :  |b Routledge, Taylor & Francis Group 
310 |a Bimonthly,  |b 2004- 
321 |a Frequency varies,  |b 1964-2003 
321 |a Quarterly,  |b Oct. 1964-July 1968 
362 1 |a Began with Volume 1, issue 1 (October 1964). 
506 |a License restrictions may limit access. 
538 |a Master and use copy. Digital master created according to Benchmark for Faithful Digital Reproductions of Monographs and Serials, Version 1. Digital Library Federation, December 2002.  |u http://purl.oclc.org/DLF/benchrepro0212  |5 MiAaHDL 
555 |a Volumes 1-30, 1964-1994. 1 volume ; Volumes 1-40, 1964-2004. 1 volume. 
583 1 |a digitized  |c 2010  |h HathiTrust Digital Library  |l committed to preserve  |2 pda  |5 MiAaHDL 
588 |a Description based on: Volume 1, issue 1 (October 1964); title from PDF issue table of contents page (JSTOR, viewed October 5, 2016). 
588 |a Latest issue consulted: Volume 54, issue 4 (2018) (Taylor & Francis online, viewed July 13, 2018). 
651 0 |a Middle East  |v Periodicals. 
651 6 |a Moyen-Orient  |v Périodiques. 
651 7 |a Middle East.  |2 fast  |0 (OCoLC)fst01241586 
655 0 |a Electronic journals. 
776 0 8 |i Print version:  |t Middle Eastern studies  |x 0026-3206  |w (DLC) 65009869  |w (OCoLC)1644707 
850 |a DLC 
856 4 0 |z Full text available from Research Library: 01/01/1995 to 01/31/2002  |u https://search.proquest.com/publication/31081